Nonlinear parameter estimation /

Guardado en:
Autor Principal: Bard, Yonathan.
Formato: Libro
Idioma:English
Publicado: New York : Academic Press, 1974.
Etiquetas: Agregar Etiqueta
Sin Etiquetas, Sea el primero en etiquetar este registro!
LEADER 00577cam a22001935a 4500
001 MAT.inmabb002453
008 730630s1974####nyua#####b####001#0#eng##
005 20160311165028.0
245 1 0 |a Nonlinear parameter estimation /  |c Yonathan Bard. 
260 |a New York :  |b Academic Press,  |c 1974. 
300 |a x, 341 p. :  |b il. ;  |c 24 cm. 
504 |a Bibliografía: p. 325-332. 
510 4 |a MR,  |c 48 #5212 
020 |a 0120782502 
100 1 |a Bard, Yonathan. 
084 |a 62-02 (62KXX 90CXX)  |2 MR 
010 |a  72013616  
040 |a DLC  |c DLC  |d DLC 
859 |h 62  |i B245  |p A-4168  |b BIB. MATEMATICA